| 000 | 00743nam a2200217Ii 4500 | ||
|---|---|---|---|
| 003 | JO-AjNU | ||
| 008 | 230605s9999||||xx |||||||||||||| ||und|| | ||
| 017 | _a2017/2/749 | ||
| 040 |
_aJO-AjNU _bara _erda _cJO-AjNU |
||
| 041 | _aara | ||
| 050 | 1 | 4 | _aP8062 .Z83 2017 |
| 100 | 3 |
_aالزعبي، أحمد شريف, _eauthor _959294 |
|
| 245 | 0 | 0 | _aمضافات... وتعاليل |
| 250 | _aط1 | ||
| 264 | 3 | 1 | _aعمان: وزارة الثقافة، 2017 |
| 300 |
_a266ص _b منشورات المفرق مدينة الثقافه الاردنية 2017 |
||
| 336 |
_atext _btxt _2rdacontent |
||
| 337 |
_aunmediated _bn _2rdamedia |
||
| 338 |
_avolume _bnc _2rdacarrier |
||
| 650 | 4 |
_aالأدب الشعبي الأردني- الأردن _959295 |
|
| 999 |
_aA26675 _c30243 _d30243 |
||